• 首页
  • 本馆介绍
  • 公告通知
  • 最新文献
  • 馆藏检索
  • 电子资源
  • 读者导购
  • 参考咨询
  • 我的图书馆
  • 登录
  • 详细信息显示
  • 放入我的书架
  • 预约/预借图书
  • 作者相关作品
  • 分类相关作品
  • 丛书相关作品
  • 出版社相关作品

书目信息

  • 表格格式
  • 工作单格式
  • 卡片格式
题名:
美容医学基础
    
 
作者: 于净
分册:  
出版信息: 北京   中国轻工业出版社  
页数: 161
开本: 23cm
丛书名:
单 册:
中图分类: R62
科图分类:
主题词: 整形外科学
电子资源:
ISBN: 7-5019-4344-3
000 00473nam0 2200181 450
001 0741144344
005 20070817112544.34
010    @a7-5019-4344-3@d¥22.00
100    @a20070817d km y0chiy0120 ea
101 0  @achi
200 1  @a美容医学基础@Amei rong yi xue ji chu@f于净@Fyu jing
210    @a北京@c中国轻工业出版社
215    @a161@d23cm
606 0  @a整形外科学
690    @aR62@v3
701  0 @a于净@Ayu jing
801  0 @aCN@bPFT@c20070817
905    @a213230@dR62@en1@f1
    
    美容医学基础/于净.-北京:中国轻工业出版社
    161;23cm
    
    
    ISBN 7-5019-4344-3:¥22.00
    
●
相关链接 在E读中查询图书 在五车中查询图书 在当当中查询图书 在豆瓣中查询图书


正题名:美容医学基础     索取号:R62/n1         预约/预借

序号 登录号 条形码 馆藏地/架位号 状态 备注
1 6601590   266015901   密集书库-生命科学系/ [索取号:R62/n1] 在馆    
2 6601591   266015910   密集书库-生命科学系/ [索取号:R62/n1] 在馆    
唐山师范学院图书馆 欢迎您!
大连网信软件有限公司© 版权所有